000 01067nam a2200277 a 4500
001 20224
003 BD-RjUL
005 20211209000533.0
008 140227s1955 nyu b 100 0 eng d
035 _a(BD-RjUL)
040 _aDLC
_cICU
_dXBM
_dOCL
_dYNG
_dBD-RjUL
_beng
041 _aeng
082 0 0 _221
_a339.23
_bCOI 1955
110 2 _aConference on Research in Income and Wealth.
_9132135
245 1 0 _aInput-output analysis :
_ban appraisal : a report of the National Bureau of Economic Research, New York /
_cby the Conference on Research in Income and Wealth.
260 _aPrinceton :
_bPrinceton University Press,
_cc1955 [second printing 1956]
300 _ax, 371 p. ;
_c24 cm
490 1 _aStudies in income and wealth ;
_vv. 18
500 _aPapers delivered at the conference held in Oct. 1952
504 _aIncludes bibliographical references
650 0 _aInput-output analysis
_962338
650 0 _aEconomics, Mathematical
_vCongresses
_962339
830 0 _vv. 18.
_9211661
830 0 _aStudies in income and wealth ;
_9139377
942 _2ddc
_cBK
999 _c20224
_d20224